000 01529nam a22002657a 4500
999 _c204
_d204
003 AR-BaISA
005 20190207121128.0
007 ta
008 170807s2003 ag ad||| |||| 00| 0 spa d
020 _a9879165454
040 _cAR-BaISA
082 0 4 _222
_a616.831 B147
245 0 0 _aEnfermedad de alzheimer y otras demencias:
_bmanual para los familiares y el equipo de salud /
_cCompilado por Pablo M. Bagnati; Ricardo F. Allegri, Janus Kremer y Fernando E. Taragano
260 _aBuenos Aires:
_bPolemos,
_c2003
300 _a151 p.:
_bil., graf.
504 _aBibliografía al final de cada capítulo
505 _t¿Qué es la demencia? --
_tLa enfermedad de Alzheimer: una epidemia en el siglo XXI --
_tDiagnosticando la demencia: su origen, sintomatología, los diferentes tipos de demencia --
_tAlteraciones cognitivas en el envejecimiento y en las demencias --
_tSíntomas neuropsiquiátricos en la enfermedad de Alzheimer --
_tEl familiar y el cuidador de un paciente con demencia --
_tNuevos conocimientos sobre la enfermedad de Alzheimer: hallazgos recientes y futuras líneas de investigación --
_tTratamientos en demencias --
_tToma de decisiones en los casos de pacientes con demencia --
_tLa misión de las ONGs ante el impacto de las demencias
650 1 4 _9487
_aEnfermedad de alzheimer
650 1 4 _9488
_aDemencia
700 1 _9489
_aBagnati, Pablo
_ecomp.
700 1 _9490
_aAllegri, Ricardo
_eaut.
700 1 _9491
_aKremer, Janus
_eaut.
700 1 _9492
_aTaragano, Fernando
_eaut.
942 _2ddc
_cLI